Obce okresu Vsetín - Statistics

General Stats
  • This quiz has been taken 101 times
  • The average score is 29 of 59
Answer Stats
Počet obyvatel Odpověď % Correct
25 255 Vsetín
100%
2 378 Hovězí
92%
22 833 Valašské Meziříčí
92%
2 409 Karolinka
88%
16 151 Rožnov pod Radhoštěm
85%
1 308 Horní Lideč
81%
2 188 Huslenky
81%
1 021 Bystřička
73%
2 438 Horní Bečva
73%
1 825 Lidečko
73%
1 477 Valašská Polanka
73%
1 985 Dolní Bečva
69%
2 073 Jablůnka
69%
1 820 Prostřední Bečva
69%
2 383 Halenkov
65%
2 373 Velké Karlovice
65%
1 552 Liptál
62%
2 512 Nový Hrozenkov
62%
2 686 Kelč
54%
615 Ústí
54%
5 549 Zubří
54%
1 031 Branky
50%
2 245 Valašská Bystřice
50%
3 084 Zašová
50%
1 483 Francova Lhota
46%
2 294 Hošťálková
46%
2 002 Hutisko-Solanec
46%
2 100 Lešná
46%
1 091 Vigantice
46%
773 Janová
42%
791 Lhota u Vsetína
42%
614 Lužná
42%
550 Střelná
42%
677 Leskovec
38%
782 Loučka
38%
496 Prlov
38%
1 835 Ratiboř
38%
901 Růžďka
38%
2 099 Krhová
35%
660 Kunovice
35%
4 765 Poličná
35%
595 Pozděchov
35%
617 Pržno
35%
298 Seninka
35%
886 Střítež nad Bečvou
35%
556 Zděchov
35%
737 Choryně
31%
506 Oznice
31%
611 Police
31%
1 767 Vidče
31%
854 Jarcová
27%
835 Lačnov
23%
319 Malá Bystřice
23%
827 Mikulůvka
23%
428 Valašská Senice
23%
544 Velká Lhota
23%
1 065 Kateřinice
19%
477 Kladeruby
15%
275 Podolí
15%
No matching quizzes found
Score Distribution
Percent of People with Each Score
Percentile by Number Answered
Your Score History
You have not taken this quiz